000 00203nam a2200109Ia 4500
100 _aFOLLETE/M.P.
942 _cBK
245 _aCREATIVE EXPERIENCE
260 _b#N/A
546 _aENGLISH
999 _c34230
_d34230